Libertad y coacción : (Record no. 119401)

MARC details
000 -LEADER
campo de control de longitud fija 03219cam a2200541 i 4500
001 - NÚMERO DE CONTROL
campo de control 9917832875904201
003 - IDENTIFICADOR DE NÚMERO DE CONTROL
campo de control BJBSDDR
005 - FECHA Y HORA DE LA ÚLTIMA TRANSACCIÓN
campo de control 20230908134226.0
006 - CÓDIGOS DE INFORMACIÓN DE LONGITUD FIJA--CARACTERÍSTICAS DEL MATERIAL ADICIONAL
campo de control de longitud fija a|||||r|||| 00| 0
007 - CAMPO FIJO DE DESCRIPCIÓN FÍSICA--INFORMACIÓN GENERAL
campo de control de longitud fija ta
008 - DATOS DE LONGITUD FIJA--INFORMACIÓN GENERAL
campo de control de longitud fija 190310s2017 mx o 000 0 spa d
020 ## - NÚMERO INTERNACIONAL ESTÁNDAR DEL LIBRO
Número Internacional Estándar del Libro 9786071653222
020 ## - NÚMERO INTERNACIONAL ESTÁNDAR DEL LIBRO
Número Internacional Estándar del Libro 6071653223
035 ## - NÚMERO DE CONTROL DEL SISTEMA
Número de control de sistema (CKB)4100000002901190
035 ## - NÚMERO DE CONTROL DEL SISTEMA
Número de control de sistema (MiAaPQ)EBC5308560
035 ## - NÚMERO DE CONTROL DEL SISTEMA
Número de control de sistema (OCoLC)1145081171
035 ## - NÚMERO DE CONTROL DEL SISTEMA
Número de control de sistema (FINmELB)ELB110051
035 ## - NÚMERO DE CONTROL DEL SISTEMA
Número de control de sistema (EXLCZ)994100000002901190
040 ## - FUENTE DE CATALOGACIÓN
Centro catalogador/agencia de origen FINmELB
Lengua de catalogación spa
Normas de descripción rda
Centro/agencia transcriptor FINmELB
041 ## - CÓDIGO DE IDIOMA
Código de lengua del texto/banda sonora o título independiente spa
Código de lengua original eng
050 14 - SIGNATURA TOPOGRÁFICA DE LA BIBLIOTECA DEL CONGRESO
Número de clasificación JK 311
Número de ítem G383l 2017
082 00 - NÚMERO DE LA CLASIFICACIÓN DECIMAL DEWEY
Número de clasificación 320.473049
100 1# - ENTRADA PRINCIPAL--NOMBRE DE PERSONA
Nombre de persona Gerstle, Gary,
Fechas asociadas al nombre 1954-
9 (RLIN) 29692
240 10 - TÍTULO UNIFORME
Título uniforme Liberty and coercion.
Lenguaje de la obra Español
245 10 - MENCIÓN DEL TÍTULO
Título Libertad y coacción :
Resto del título la paradoja del gobierno estadunidense desde su fundación hasta el presente /
Mención de responsabilidad, etc. Gary Gerstle ; traducción, Ricardo Martín Rubio Ruiz.
264 #1 - PRODUCCIÓN, PUBLICACIÓN, DISTRIBUCIÓN, FABRICACIÓN Y COPYRIGHT
Producción, publicación, distribución, fabricación y copyright México, D.F. :
Nombre del de productor, editor, distribuidor, fabricante Fondo de Cultura Económica,
Fecha de producción, publicación, distribución, fabricación o copyright 2017.
300 ## - DESCRIPCIÓN FÍSICA
Extensión 392 páginas ;
Dimensiones 23 cm.
336 ## - TIPO DE CONTENIDO
Término de tipo de contenido text
Fuente rdacontent
337 ## - TIPO DE MEDIO
Nombre/término del tipo de medio computer
Fuente rdamedia
338 ## - TIPO DE SOPORTE
Nombre/término del tipo de soporte online resource
Fuente rdacarrier
490 1# - MENCIÓN DE SERIE
Mención de serie Seccion de obras de política y derecho
500 ## - NOTA GENERAL
Nota general Traducción de: Liberty and coercion : the paradox of American government from the founding to the present.
520 ## - RESUMEN, ETC.
Sumario, etc. Esta obra tiene por objetivo reconstruir ""la historia del gobierno estadunidense desde sus democráticos, liberales y federales inicios en el siglo XVIII hasta el Leviatán en que se convirtió en el siglo XXI"", además de analizar detalladamente, de manera diacrónica, cómo ha implementado el gobierno estadunidense las tres estrategias con las que se ha instaurado como un Estado central: exención, sustitución y privatización. Se divide en cuatro secciones en las que se estudia, respectivamente, el surgimiento y consolidación del modelo republicano (1780-1860), el paso a las estrategias de improvisación y regulación (1860-1920), la lucha popular por transformar el gobierno central (1920-1940) y, finalmente, la figura del gobierno estadunidense como Estado central ""grande y poderoso"", producto de la Guerra Fría (1940-2010), además de una evaluación final de la administración de Barack Obama.
588 ## - NOTA DE FUENTE DE LA DESCRIPCIÓN
Nota de fuente de la descripción Description based on online resource; title from PDF title page (ebrary, viewed March 10, 2019).
590 ## - NOTA LOCAL (RLIN)
Nota local Recurso electrónico. Santa Fe, Arg.: elibro, 2020. Disponible vía World Wide Web. El acceso puede estar limitado para las bibliotecas afiliadas a elibro.
650 #0 - PUNTO DE ACCESO ADICIONAL DE MATERIA--TÉRMINO DE MATERIA
Término de materia o nombre geográfico como elemento de entrada Federal government
Subdivisión geográfica United States
Subdivisión general History.
650 #4 - PUNTO DE ACCESO ADICIONAL DE MATERIA--TÉRMINO DE MATERIA
Término de materia o nombre geográfico como elemento de entrada Gobierno federal
Subdivisión geográfica Estados Unidos
9 (RLIN) 3526
650 #0 - PUNTO DE ACCESO ADICIONAL DE MATERIA--TÉRMINO DE MATERIA
Término de materia o nombre geográfico como elemento de entrada Federal-state controversies
Subdivisión geográfica United States
Subdivisión general History.
650 #4 - PUNTO DE ACCESO ADICIONAL DE MATERIA--TÉRMINO DE MATERIA
Término de materia o nombre geográfico como elemento de entrada Controversias federales-estatales
Subdivisión geográfica Estados Unidos
9 (RLIN) 32217
650 #4 - PUNTO DE ACCESO ADICIONAL DE MATERIA--TÉRMINO DE MATERIA
Término de materia o nombre geográfico como elemento de entrada Exceso de poder (Derecho administrativo)
Subdivisión geográfica Estados Unidos
9 (RLIN) 32218
650 #0 - PUNTO DE ACCESO ADICIONAL DE MATERIA--TÉRMINO DE MATERIA
Término de materia o nombre geográfico como elemento de entrada Cultural policy
Subdivisión geográfica United States
Subdivisión general History.
650 #4 - PUNTO DE ACCESO ADICIONAL DE MATERIA--TÉRMINO DE MATERIA
Término de materia o nombre geográfico como elemento de entrada Política cultural
9 (RLIN) 1285
Subdivisión geográfica Estados Unidos
651 #0 - PUNTO DE ACCESO ADICIONAL DE MATERIA--NOMBRE GEOGRÁFICO
Nombre geográfico United States
Subdivisión general Politics and government.
651 #4 - PUNTO DE ACCESO ADICIONAL DE MATERIA--NOMBRE GEOGRÁFICO
Nombre geográfico Estados Unidos
Subdivisión general Política y gobierno
9 (RLIN) 2191
700 1# - ENTRADA AGREGADA--NOMBRE PERSONAL
Nombre de persona Rubio Ruiz, Ricardo Martín.
Término indicativo de función/relación traductor.
9 (RLIN) 29693
830 #0 - PUNTO DE ACCESO ADICIONAL DE SERIE-TÍTULO UNIFORME
Título uniforme Sección de obras de política y derecho
9 (RLIN) 10012
942 ## - ELEMENTOS DE ENTRADA SECUNDARIOS (KOHA)
Fuente del sistema de clasificación o colocación Clasificación de Library of Congress
Tipo de ítem Koha Libro
Holdings
Estatus retirado Estado de pérdida Fuente del sistema de clasificación o colocación Estado de daño No para préstamo Colección Biblioteca de origen Biblioteca actual Ubicación en estantería Fecha de adquisición Signatura topográfica completa Código de barras Visto por última vez Copia número Tipo de ítem Koha
    Clasificación de Library of Congress     Ciencias Sociales Biblioteca Juan Bosch Biblioteca Juan Bosch Ciencias Sociales (3er. Piso) 16/05/2023 JK 311 G383l 2017 00000170412 16/05/2023 1 Libro